| 000 | 00456nam a2200181Ia 4500 | ||
|---|---|---|---|
| 003 | GCL | ||
| 008 | 140319s9999 xx 000 0 eng d | ||
| 040 |
_aGCL / _cGCL |
||
| 082 | 0 | 4 |
_a843 _bD C |
| 100 | 1 | _aDEON, MICHEL | |
| 245 | 1 | 0 |
_aLA CAROTTE ET LE BATON / _cDEON, MICHEL |
| 260 |
_a[S.N] : _bLA TABLE RONDE ، _c1988 |
||
| 300 | _a370 P | ||
| 490 |
_aCOLLECTION FOLIO _v0 |
||
| 650 | 0 | 4 | _aLITERATURE |
| 650 | 0 | 4 | _aFRENCH LITERATURE |
| 942 |
_2ddc _cBK |
||
| 999 |
_c23357 _d23357 |
||